<?xml version="1.0" encoding="UTF-8"?>
<record
    xmlns:xsi="http://www.w3.org/2001/XMLSchema-instance"
    xsi:schemaLocation="http://www.loc.gov/MARC21/slim http://www.loc.gov/standards/marcxml/schema/MARC21slim.xsd"
    xmlns="http://www.loc.gov/MARC21/slim">

  <leader>00643nam a22001817a 4500</leader>
  <controlfield tag="003">UA-OsUOA</controlfield>
  <controlfield tag="001"> 10034 </controlfield>
  <controlfield tag="007">ta</controlfield>
  <controlfield tag="008">20041218b un ||||| |||| 00| 0 ukr d</controlfield>
  <datafield tag="100" ind1=" " ind2=" ">
    <subfield code="a">&#x41C;&#x430;&#x43B;&#x435;&#x442;&#x430; &#x420;.</subfield>
  </datafield>
  <datafield tag="942" ind1=" " ind2=" ">
    <subfield code="c">SA</subfield>
  </datafield>
  <datafield tag="040" ind1=" " ind2=" ">
    <subfield code="a">UA-OsUOA</subfield>
    <subfield code="c">UA-OsUOA</subfield>
    <subfield code="d">UA-OsUOA</subfield>
  </datafield>
  <datafield tag="245" ind1=" " ind2=" ">
    <subfield code="a">&#x420;&#x430;&#x43D;&#x456;&#x448;&#x435; &#x432; &#x43D;&#x430;&#x448;&#x456;&#x439; &#x43E;&#x431;&#x43B;&#x430;&#x441;&#x442;&#x456; &#x431;&#x443;&#x43B;&#x43E; 30 &#x440;&#x430;&#x439;&#x43E;&#x43D;&#x456;&#x432;, &#x430; &#x449;&#x435; &#x440;&#x430;&#x43D;&#x456;&#x448;&#x435; - 5 &#x43F;&#x43E;&#x432;&#x456;&#x442;&#x456;&#x432;</subfield>
    <subfield code="b">[4 &#x433;&#x440;&#x443;&#x434;. &#x432;&#x438;&#x43F;&#x43E;&#x432;&#x43D;&#x438;&#x43B;&#x43E;&#x441;&#x44F; 65 &#x440;&#x43E;&#x43A;&#x456;&#x432; &#x437; &#x434;&#x43D;&#x44F; &#x443;&#x442;&#x432;&#x43E;&#x440;&#x435;&#x43D;&#x43D;&#x44F; &#x420;&#x456;&#x432;&#x43D;&#x435;&#x43D;. &#x43E;&#x431;&#x43B;.]</subfield>
  </datafield>
  <datafield tag="300" ind1=" " ind2=" ">
    <subfield code="a">&#x421;.4</subfield>
  </datafield>
  <datafield tag="955" ind1=" " ind2=" ">
    <subfield code="a">0</subfield>
  </datafield>
  <datafield tag="773" ind1="0" ind2=" ">
    <subfield code="w">0</subfield>
    <subfield code="t">&#x412;&#x456;&#x43B;&#x44C;&#x43D;&#x435; &#x441;&#x43B;&#x43E;&#x432;&#x43E;</subfield>
    <subfield code="d">&#x420;&#x456;&#x432;&#x43D;&#x435;</subfield>
    <subfield code="d">2004</subfield>
    <subfield code="g">&#x2116;93/8 &#x433;&#x440;&#x443;&#x434;./</subfield>
  </datafield>
  <datafield tag="650" ind1=" " ind2="7">
    <subfield code="a">&#x406;&#x441;&#x442;&#x43E;&#x440;&#x456;&#x44F;</subfield>
    <subfield code="2">UDC</subfield>
  </datafield>
  <datafield tag="999" ind1=" " ind2=" ">
    <subfield code="c">296195</subfield>
    <subfield code="d">296195</subfield>
  </datafield>
</record>
